Countries furthest from non-neighbours - Statistics

General Stats
  • This quiz has been taken 63 times
  • The average score is 11 of 20
Answer Stats
D (Km) Country Nearest almost-neighbour % Correct
545 Iceland Norway
88%
1,061 Seychelles Madagascar
77%
867 Mauritius Madagascar
74%
1,190 Canada Norway
67%
471 Samoa New Zealand
61%
456 Chile Paraguay
60%
446 New Zealand Kiribati
60%
557 Colombia Costa Rica
56%
728 Bolivia Colombia
54%
444 Marshall Islands Kiribati
54%
520 South Africa Zambia
53%
446 Maldives India
51%
486 Brazil Ecuador
47%
572 Cape Verde Senegal
46%
486 Ecuador Brazil
46%
556 Peru Argentina
44%
556 Argentina Peru
42%
692 Laos India
42%
426 Zambia Burundi
30%
461 Andorra Italy
25%
No matching quizzes found
Score Distribution
Percent of People with Each Score
Percentile by Number Answered
Your Score History
You have not taken this quiz